00660 2200217 4500001002100000005001500021035002000036007000300056008004100059020001600100082001000116084001600126100001400142245005400156260002700210300004200237520011500279600001600394990001600410990001600426INLIS00000000000055920211002124357 a0010-0921000031ta211002 b 1 ind  a602870305-2 a398.2 a398.2 RAH d0 aRahimsyah1 aDongeng Pengantar Tidur Putri Duyung /cRahimsyah aJakarta :bSandro Jaya a32 Halaman :bIlustrasi ;c15 x 21 cm aMendongeng Adalah Kegiatan Ritual Yang Mampu mendekatkan hati dan jiwa anak anak kepada anda selaku orang tua. 4aCerita Anak a00000001635 a00000001723